Largest World Cities That Have Never Been Below Freezing - Statistics

General Stats
  • This quiz has been taken 17,287 times
    15,423 since last reset
  • The average score is 10 of 17
Answer Stats
Population
°C
°F City % Correct
22.8 m 1.2 34.2 Cairo
83%
29.5 m 18.9 66.0 Jakarta
82%
13.6 m 10.1 50.2 Rio de Janeiro
79%
27.6 m 11.7 53.1 Mumbai
73%
21.3 m 13.7 56.7 Lagos
69%
21.8 m 9.9 49.8 Bangkok
68%
27.8 m 14.5 58.1 Manila
67%
16.3 m 10.0 50.0 Kinshasa
65%
17.9 m 6.7 44.1 Kolkata
54%
23.1 m 5.6 42.1 Dhaka
52%
14.3 m 13.8 56.8 Ho Chi Minh City
51%
12.0 m 8.0 46.4 Lima
47%
21.0 m 0.0 32.0 Karachi
46%
12.9 m 13.9 57.0 Chennai
43%
14.7 m 7.8 46.0 Bangalore
41%
11.7 m 6.1 43.0 Hyderabad
36%
15.4 m 0.1 32.2 Xiamen
8%
No matching quizzes found
Score Distribution
Percent of People with Each Score
Percentile by Number Answered
Your Score History
You have not taken this quiz since the last reset